Top 500Ohio Cities by Population - Statistics

General Stats
  • This quiz has been taken 6 times
  • The average score is 98 of 500
Answer Stats
Population Answer % Correct
370,365 Cleveland
100%
902,449 Columbus
100%
190,273 Akron
75%
17,227 Aurora
75%
308,870 Cincinnati
75%
137,305 Dayton
75%
11,672 Franklin
75%
63,149 Hamilton
75%
6,222 Jackson
75%
3,319 Jefferson
75%
24,964 Sandusky
75%
8,360 Shelby
75%
58,645 Springfield
75%
269,962 Toledo
75%
60,048 Youngstown
75%
5,088 Ada
50%
12,740 Amherst
50%
19,270 Ashland
50%
22,698 Athens
50%
24,822 Avon
50%
13,043 Bedford
50%
13,526 Bridgetown
50%
2,780 Burlington
50%
10,087 Cambridge
50%
70,589 Canton
50%
22,002 Chillicothe
50%
45,002 Cleveland Heights
50%
50,916 Cuyahoga Falls
50%
13,118 Dover
50%
48,893 Dublin
50%
13,926 East Cleveland
50%
52,780 Elyria
50%
49,279 Euclid
50%
44,602 Fairfield
50%
40,408 Findlay
50%
4,323 Georgetown
50%
5,784 Germantown
50%
5,730 Grafton
50%
27,333 Green
50%
4,237 Greenfield
50%
12,768 Greenville
50%
13,086 Harrison
50%
23,005 Hudson
50%
27,336 Kent
50%
50,605 Lakewood
50%
20,999 Lebanon
50%
4,956 Lexington
50%
10,316 London
50%
65,138 Lorain
50%
13,247 Loveland
50%
11,764 Mack
50%
3,417 Madison
50%
47,630 Mansfield
50%
34,768 Mason
50%
47,302 Mentor
50%
50,514 Middletown
50%
15,202 Monroe
50%
10,816 Montgomery
50%
10,516 New Albany
50%
2,691 Newtown
50%
11,643 Norton
50%
3,432 Orange
50%
22,051 Oxford
50%
24,482 Riverside
50%
11,861 Salem
50%
19,042 Sylvania
50%
5,980 Waterville
50%
12,669 Wilmington
50%
8,720 Wyoming
50%
21,603 Alliance
25%
2,790 Arcanum
25%
4,439 Archbold
25%
18,003 Ashtabula
25%
4,581 Ashville
25%
25,220 Avon Lake
25%
8,808 Bainbridge
25%
2,968 Baltimore
25%
25,167 Barberton
25%
3,713 Barnesville
25%
2,606 Batavia
25%
16,047 Bay Village
25%
7,321 Bellbrook
25%
13,785 Bellefontaine
25%
8,210 Bellevue
25%
1,995 Bellville
25%
6,690 Belpre
25%
18,550 Berea
25%
2,638 Bethel
25%
13,537 Bexley
25%
4,640 Blanchester
25%
13,325 Blue Ash
25%
3,540 Bluffton
25%
30,157 Bowling Green
25%
2,093 Brewster
25%
3,146 Brimfield
25%
11,259 Brooklyn
25%
6,035 Brookville
25%
35,304 Brunswick
25%
8,670 Bryan
25%
11,643 Bucyrus
25%
3,074 Cadiz
25%
4,049 Calcutta
25%
2,110 Caldwell
25%
1,977 Camden
25%
7,819 Campbell
25%
7,662 Canfield
25%
3,518 Carey
25%
3,270 Carrollton
25%
3,915 Cedarville
25%
10,974 Celina
25%
24,510 Centerville
25%
4,116 Chagrin Falls
25%
5,248 Chardon
25%
4,170 Cherry Grove
25%
7,317 Chesterland
25%
8,682 Cheviot
25%
14,017 Circleville
25%
13,292 Clayton
25%
3,395 Cleves
25%
6,314 Clyde
25%
4,511 Coldwater
25%
6,688 Columbiana
25%
7,073 Cortland
25%
6,426 Covedale
25%
2,561 Covington
25%
2,072 Creston
25%
5,399 Deer Park
25%
16,852 Defiance
25%
41,926 Delaware
25%
7,153 Delphos
25%
2,813 Delta
25%
2,657 Dennison
25%
11,666 Dent
25%
3,316 Dillonvale
25%
7,417 Dry Run
25%
17,625 Eastlake
25%
9,969 East Liverpool
25%
8,360 Eaton
25%
4,381 Edgewood
25%
2,174 Elida
25%
2,509 Enon
25%
7,697 Fairlawn
25%
20,005 Forest Park
25%
10,724 Forestville
25%
15,900 Fremont
25%
4,157 Fruit Hill
25%
2,000 Gambier
25%
29,497 Garfield Heights
25%
5,935 Geneva
25%
2,039 Genoa
25%
9,565 Girard
25%
2,154 Glendale
25%
5,778 Granville
25%
41,423 Grove City
25%
5,928 Groveport
25%
3,318 Hartville
25%
10,492 Heath
25%
2,485 Hebron
25%
3,114 Hicksville
25%
36,103 Hilliard
25%
6,492 Hillsboro
25%
7,618 Hubbard
25%
4,304 Hunter
25%
6,882 Huron
25%
7,539 Independence
25%
10,597 Ironton
25%
2,211 Jamestown
25%
5,183 Johnstown
25%
7,685 Kenton
25%
57,707 Kettering
25%
6,914 Kirtland
25%
2,662 LaGrange
25%
4,569 Lake Darby
25%
2,935 Lakemore
25%
40,616 Lancaster
25%
8,149 Landen
25%
2,075 Leetonia
25%
2,215 Leipsic
25%
35,555 Lima
25%
2,582 Lisbon
25%
3,497 Lockland
25%
2,764 Lodi
25%
7,168 Logan
25%
3,327 Lordstown
25%
9,500 Louisville
25%
13,952 Lyndhurst
25%
12,126 Macedonia
25%
9,426 Madeira
25%
2,110 Manchester
25%
23,473 Maple Heights
25%
13,366 Marietta
25%
6,283 Martins Ferry
25%
25,806 Marysville
25%
32,179 Massillon
25%
2,212 Masury
25%
13,824 Maumee
25%
3,344 Mayfield
25%
3,160 McDonald
25%
26,092 Medina
25%
6,556 Milford
25%
3,158 Millersburg
25%
3,246 Minerva
25%
3,042 Minster
25%
3,928 Montpelier
25%
6,484 Moraine
25%
2,338 Morrow
25%
4,924 Mount Carmel
25%
16,861 Mount Vernon
25%
4,071 Mulberry
25%
8,888 Napoleon
25%
50,062 Newark
25%
2,572 New Boston
25%
2,846 New Bremen
25%
2,593 New Concord
25%
13,874 New Franklin
25%
4,131 New Lebanon
25%
4,368 New Lexington
25%
2,531 New London
25%
2,411 New Miami
25%
18,107 Niles
25%
3,624 North Baltimore
25%
6,347 Northgate
25%
7,675 Northridge
25%
17,041 Norwalk
25%
8,194 Oberlin
25%
5,580 Obetz
25%
6,642 Ontario
25%
19,896 Oregon
25%
8,304 Orrville
25%
4,447 Ottawa
25%
80,587 Parma
25%
20,706 Parma Heights
25%
3,638 Paulding
25%
8,762 Perry Heights
25%
24,855 Perrysburg
25%
2,525 Piketon
25%
20,441 Piqua
25%
3,644 Plain City
25%
2,573 Poland
25%
6,024 Port Clinton
25%
18,130 Portsmouth
25%
14,113 Powell
25%
11,323 Ravenna
25%
10,527 Reading
25%
3,719 Richfield
25%
3,023 Richville
25%
6,058 Rittman
25%
2,053 Roseville
25%
2,823 Ross
25%
6,314 Rossford
25%
2,606 Sabina
25%
4,185 Sebring
25%
11,681 Seven Hills
25%
2,153 Seville
25%
29,157 Shaker Heights
25%
14,023 Sharonville
25%
4,225 Sheffield
25%
3,408 Sherwood
25%
10,539 Shiloh
25%
20,350 Sidney
25%
2,621 Silver Lake
25%
4,883 Silverton
25%
24,053 Solon
25%
21,754 South Euclid
25%
6,376 South Lebanon
25%
2,127 Spencerville
25%
10,991 Springdale
25%
34,459 Stow
25%
2,581 Strasburg
25%
10,061 Struthers
25%
4,515 Summerside
25%
6,933 Sunbury
25%
18,411 Tallmadge
25%
17,894 Tiffin
25%
5,387 Toronto
25%
13,133 Trenton
25%
23,125 Trotwood
25%
26,494 Troy
25%
19,291 Twinsburg
25%
6,894 Union
25%
6,948 Uniontown
25%
13,649 University Heights
25%
36,500 Upper Arlington
25%
6,537 Upper Sandusky
25%
11,156 Urbana
25%
2,024 Utica
25%
15,139 Vandalia
25%
10,459 Vermilion
25%
2,945 Versailles
25%
24,073 Wadsworth
25%
3,023 Walbridge
25%
39,204 Warren
25%
4,154 Waverly
25%
4,339 Wellington
25%
3,109 Wellsville
25%
2,232 West Hill
25%
34,027 Westlake
25%
19,101 White Oak
25%
12,661 Wickliffe
25%
2,190 Wilberforce
25%
6,189 Willard
25%
23,823 Willoughby
25%
3,862 Woodlawn
25%
27,021 Wooster
25%
14,997 Worthington
25%
25,499 Xenia
25%
24,772 Zanesville
25%
3,824 Amberley
0%
12,388 Amelia
0%
5,217 Apple Valley
0%
30,397 Austintown
0%
3,635 Ballville
0%
13,846 Beachwood
0%
46,576 Beavercreek
0%
9,880 Beckett Ridge
0%
10,933 Bedford Heights
0%
2,905 Beechwood Trails
0%
3,878 Bellaire
0%
9,010 Blacklick Estates
0%
2,008 Bolindale
0%
13,618 Brecksville
0%
19,815 Broadview Heights
0%
18,509 Brook Park
0%
2,517 Buckeye Lake
0%
2,258 Byesville
0%
5,315 Canal Fulton
0%
9,357 Canal Winchester
0%
1,925 Cardington
0%
5,488 Carlisle
0%
6,347 Champion Heights
0%
2,180 Choctaw Lake
0%
2,115 Churchill
0%
2,047 Coal Grove
0%
3,033 Commercial Point
0%
12,372 Conneaut
0%
11,054 Coshocton
0%
4,490 Crestline
0%
2,093 Cridersville
0%
2,311 Crooksville
0%
2,282 Day Heights
0%
5,098 Delhi Hills
0%
3,575 Delshire
0%
2,669 Devola
0%
3,049 Doylestown
0%
3,514 Dry Ridge
0%
4,723 East Palestine
0%
2,009 Edgerton
0%
2,312 Elmwood Place
0%
13,433 Englewood
0%
2,663 Evendale
0%
34,494 Fairborn
0%
3,100 Fairport Harbor
0%
17,137 Fairview Park
0%
12,870 Finneytown
0%
4,236 Fort McKinley
0%
1,955 Fort Recovery
0%
6,379 Fort Shawnee
0%
12,904 Fostoria
0%
3,511 Four Bridges
0%
2,642 Fredericktown
0%
35,529 Gahanna
0%
10,378 Galion
0%
3,337 Gallipolis
0%
2,591 Garrettsville
0%
2,158 Gates Mills
0%
2,572 Gibsonburg
0%
2,029 Glenmoor
0%
3,786 Golf Manor
0%
8,258 Grandview Heights
0%
3,703 Greenhills
0%
2,191 Green Meadows
0%
3,541 Greentown
0%
8,379 Groesbeck
0%
8,652 Highland Heights
0%
6,266 Howland Center
0%
43,095 Huber Heights
0%
4,302 Huber Ridge
0%
8,287 Kenwood
0%
3,504 Lake Lakengren
0%
3,140 Lincoln Heights Village
0%
9,553 Lincoln Village
0%
2,400 Lithopolis
0%
2,898 Loudonville
0%
2,057 Maineville
0%
3,493 Mariemont
0%
35,927 Marion
0%
20,127 Mayfield Heights
0%
2,197 McConnelsville
0%
7,152 Mentor-on-the-Lake
0%
4,585 Miami Heights
0%
19,877 Miamisburg
0%
2,017 Middlebranch
0%
15,918 Middleburg Heights
0%
2,754 Middlefield
0%
2,053 Middleport
0%
3,955 Mineral Ridge
0%
3,565 Mingo Junction
0%
3,838 Mogadore
0%
12,012 Montfort Heights
0%
5,854 Montrose-Ghent
0%
3,440 Moreland Hills
0%
2,927 Mount Gilead
0%
6,949 Mount Healthy
0%
3,135 Mount Healthy Heights
0%
4,544 Mount Orab
0%
3,752 Mount Repose
0%
5,034 Munroe Falls
0%
4,269 Nelsonville
0%
5,321 New Burlington
0%
5,579 New Carlisle
0%
3,441 Newcomerstown
0%
17,602 New Philadelphia
0%
2,733 New Richmond
0%
4,562 Newton Falls
0%
11,199 Northbrook
0%
17,773 North Canton
0%
9,602 North College Hill
0%
3,546 Northfield
0%
2,749 North Kingsville
0%
8,313 North Madison
0%
32,244 North Olmsted
0%
35,481 North Ridgeville
0%
31,120 North Royalton
0%
5,180 Northwood
0%
2,633 North Zanesville
0%
19,018 Norwood
0%
2,521 Oak Harbor
0%
9,496 Oakwood City
0%
3,551 Oakwood Village
0%
8,670 Olmsted Falls
0%
4,782 Ottawa Hills
0%
20,387 Painesville
0%
3,974 Park Layne
0%
17,843 Pataskala
0%
2,031 Peebles
0%
6,778 Pepper Pike
0%
23,229 Pickerington
0%
5,258 Pleasant Run
0%
4,016 Pleasant Run Farm
0%
6,427 Portage Lakes
0%
4,935 Reedurban
0%
5,305 Reminderville
0%
40.926 Reynoldsburg
0%
10,714 Richmond Heights
0%
2,222 Richwood
0%
1,957 Roaming Shores
0%
21,552 Rocky River
0%
2,013 Rosemount
0%
3,335 Salem Heights
0%
3,514 Shadyside
0%
2,566 Shawnee Hills
0%
8,958 Sheffield Lake
0%
3,677 Sixteen Mile Stand
0%
2,677 South Bloomfield
0%
3,000 South Point
0%
3,966 South Russell
0%
19,218 Springboro
0%
4,026 St. Bernard
0%
5,085 St. Clairsville
0%
18,175 Steubenville
0%
2,675 St. Henry
0%
8,323 St. Marys
0%
2,138 St. Paris
0%
17,378 Streetsboro
0%
46,165 Strongsville
0%
2,398 Sugar Creek
0%
4,133 Swanton
0%
3,986 Taylor Creek
0%
2,150 Terrace Park
0%
2,724 The Plains
0%
6,051 The Village of Indian Hill
0%
10,266 Tipp City
0%
5,831 Turpin Hills
0%
5,238 Uhrichsville
0%
10,828 Van Wert
0%
2,140 Walton Hills
0%
9,879 Wapakoneta
0%
13,659 Warrensville Heights
0%
14,387 Washington Court House
0%
7,301 Wauseon
0%
2,709 Waynesville
0%
5,420 Wellston
0%
13,060 West Carrollton
0%
38,911 Westerville
0%
4,186 West Jefferson
0%
2,622 West Lafayette
0%
4,717 West Milton
0%
2,540 West Portsmouth
0%
2,993 West Union
0%
6,215 Wheelersburg
0%
20,035 Whitehall
0%
4,771 Whitehouse
0%
2,957 Wilkshire Hills
0%
2,583 Williamsburg
0%
9,972 Willoughby Hills
0%
14,213 Willowick
0%
3,983 Wintersville
0%
7,803 Withamsville
0%
2,321 Woodsfield
0%
3,739 Yellow Springs
0%
No matching quizzes found
Score Distribution
Percent of People with Each Score
Percentile by Number Answered
Your Score History
You have not taken this quiz